000 00539nam a2200169 i 4500
001 94909
003 ES-MaACL
005 20230906181600.0
007 t|
008 050517s2002 sp ||||1| spa d
100 1 _aLuckmann, Thomas.
_974602
245 1 3 _aLa religión invisible
_b: el problema de la religión en la sociedad moderna /
_cThomas Luckmann; [tradujo Miguel Bermejo].
260 _aSalamanca :
_bSígueme,
_c1973.
300 _a130 p. ;
_c23 cm.
700 1 _aBermejo, Miguel.
_928093
852 _aES-MaACL
_jC-55596
_bR.88387
999 _c94909
_d94909